<?xml version="1.0" encoding="UTF-8"?>
<collection xmlns="http://www.loc.gov/MARC21/slim">
 <record>
  <leader>00578pamaa2200169   4500</leader>
  <controlfield tag="001">0000053177</controlfield>
  <controlfield tag="005">20141124090000.0</controlfield>
  <controlfield tag="008">141124s2001                        eng       </controlfield>
  <datafield tag="020" ind1="0" ind2="0">
   <subfield code="a">971568002x (pbk.) </subfield>
  </datafield>
  <datafield tag="090" ind1="0" ind2="0">
   <subfield code="a">LB2126.P5 </subfield>
   <subfield code="b">END 2001</subfield>
  </datafield>
  <datafield tag="245" ind1="1" ind2="0">
   <subfield code="a">Philippine Normal University : </subfield>
   <subfield code="b">100 years of service and leadership in teacher education 1901 - 2001.</subfield>
  </datafield>
  <datafield tag="260" ind1="0" ind2="0">
   <subfield code="a">Manila: </subfield>
   <subfield code="b">Philippine Normal University Press, </subfield>
   <subfield code="c">2001.</subfield>
  </datafield>
  <datafield tag="300" ind1=" " ind2=" ">
   <subfield code="a">vii, 102p.: </subfield>
   <subfield code="b">ill.; </subfield>
   <subfield code="c">23 cm.</subfield>
  </datafield>
  <datafield tag="501" ind1="0" ind2="0">
   <subfield code="a">Library</subfield>
  </datafield>
  <datafield tag="650" ind1="0" ind2="0">
   <subfield code="a">Teacher leadership </subfield>
  </datafield>
  <datafield tag="650" ind1="0" ind2="0">
   <subfield code="a">Education leadership </subfield>
  </datafield>
  <datafield tag="901" ind1=" " ind2=" ">
   <subfield code="u">http://www.pnu.edu.ph</subfield>
  </datafield>
 </record>
</collection>
